000 00346nam a22001337a 4500
008 170612b xxu||||| |||| 00| 0 eng d
020 _a9781563243653
041 _aeng
080 _a32
100 _a19
101 _aSHP
245 _aPOLITICAL CULTURE AND CIVIL SOCIETY IN RUSSIA AND THE NEW STATES OF EURASIA
_cTISMANEANU,V
942 _2udc
_cBK
999 _c17058
_d17058